|
|
|
|
| LEADER |
00000nkm a2200000 a 4500 |
| 001 |
vtls011842686 |
| 003 |
SK-MaSNL |
| 005 |
20260301100921.0 |
| 007 |
kf bo |
| 008 |
230718s1966 xo g kuslo |
| 015 |
|
|
|a SNBG1966
|
| 035 |
|
|
|a urn:nbn:sk:snk-km00dvz8
|
| 035 |
|
|
|a urn:nbn:sk:snk-km3ls2u
|
| 035 |
|
|
|a 400025CB-A42C-42F2-AA39-19E1A19A63BE
|
| 040 |
|
|
|a SNK
|b slo
|c SNK
|e AACR2
|
| 041 |
0 |
|
|a slo
|
| 043 |
|
|
|a e-xo---
|
| 044 |
|
|
|a xo
|c SK
|
| 072 |
|
7 |
|a 913
|x Regionálna geografia
|2 konspekt
|
| 080 |
|
|
|a 913(437.6)
|2 2011
|
| 080 |
|
|
|a 640.412
|2 2011
|
| 080 |
|
|
|a (084.121)
|2 2011
|
| 080 |
|
|
|a 640.43
|2 2011
|
| 080 |
|
|
|a 640.443
|2 2011
|
| 245 |
0 |
0 |
|a Kolárovo, hotel V á h
|h grafika
|
| 246 |
1 |
|
|i Názov na obrazovej časti:
|a Kolárovo
|b hotel Váh
|
| 246 |
3 |
3 |
|a Kolárovo, hotel Váh
|
| 260 |
|
|
|a Bratislava
|b Šport
|c 1966
|
| 300 |
|
|
|a 1 pohľadnica (3 čiastkové pohľady)
|b čiernobiela
|c 11 x 15 cm
|
| 520 |
8 |
|
|a Zobrazenie: Tri čiastkové pohľady v bielom oorámovaní na hotel Váh s reštauráciou. Pohľad na budovu zvonku, s parkoviskom plným automobilov. Dva pohľady na interiér hotela, a jeho reštaurácie a baru
|
| 650 |
0 |
7 |
|a hotely
|2 SNKPH
|9 18422
|
| 650 |
0 |
7 |
|a reštaurácie
|2 SNKPH
|9 23080
|
| 650 |
0 |
7 |
|a bary
|2 SNKPH
|9 30142
|
| 651 |
|
7 |
|a Kolárovo (Slovensko)
|2 SNKPHgeo
|9 19149
|
| 655 |
|
7 |
|a miestne pohľadnice
|2 SNKPH
|9 70510
|
| 852 |
|
|
|a Slovenská národná knižnica
|
| 954 |
|
|
|a pohľadnice pôvodné (slovenské)
|2 lita
|
| 958 |
|
|
|a GBN
|
| 958 |
|
|
|a GC
|
| 958 |
|
|
|a OND
|
| 958 |
|
|
|a EUIPO
|
| 999 |
|
|
|c 687721
|d 689651
|
| 952 |
|
|
|a SNK
|b SNK
|y PREZ
|7 0
|p 17A1285651
|o snkSP 58644
|z Pohľadnica prešla poštou.
|0 0
|1 0
|4 0
|d 2019-02-25
|f 1
|l 0
|r 2026-02-23 20:17:21
|w 2026-02-23
|